[Event "Cali zt"]
[Site "Cali"]
[Date "1990.??.??"]
[Round "8"]
[White "Paneque, Pedro"]
[Black "Garcia, Gildardo"]
[Result "1/2-1/2"]
[WhiteElo "2380"]
[BlackElo "2465"]
[Annotator "Ribli,Z"]
[PlyCount "45"]
[EventDate "1990.04.??"]
[EventType "tourn"]
[EventRounds "9"]
[EventCountry "COL"]
[EventCategory "7"]
[SourceTitle "CBM 019"]
[Source "ChessBase"]
[SourceDate "1990.12.01"]
[SourceVersion "1"]
[SourceVersionDate "1990.12.01"]
[SourceQuality "1"]

1. c4 e6 2. g3 d5 3. Nf3 Nf6 4. b3 b6 5. Bg2 Bb7 6. O-O Be7 7. Bb2 O-O 8. cxd5
Nxd5 9. d4 Nd7 10. Nbd2 c5 {-> E 17} 11. a3 (11. Rc1 Rc8 12. dxc5 Nxc5 $10 {
Haag-Filip Budapest 1961}) 11... cxd4 12. Nxd4 Rc8 13. Nc4 Rc5 14. e4 N5f6 15.
Re1 Qa8 16. Nd2 Rd8 17. b4 Rcc8 18. Qe2 Ne5 19. f4 Nc6 20. N2f3 a5 21. h3 axb4
22. axb4 Qb8 23. b5 {Ribli} 1/2-1/2

[Event "Bahrain"]
[Site "Bahrain"]
[Date "1990.??.??"]
[Round "5"]
[White "Plaskett, H James"]
[Black "Flear, Glenn C"]
[Result "1/2-1/2"]
[WhiteElo "2470"]
[BlackElo "2470"]
[Annotator "Ribli,Z"]
[PlyCount "87"]
[EventDate "1990.??.??"]
[EventType "tourn"]
[EventRounds "11"]
[EventCountry "BAH"]
[EventCategory "7"]
[SourceTitle "CBM 020"]
[Source "ChessBase"]
[SourceDate "1991.02.01"]
[SourceVersion "1"]
[SourceVersionDate "1991.02.01"]
[SourceQuality "1"]

1. c4 e6 2. b3 Nf6 3. Nf3 d5 4. g3 Be7 5. Bg2 O-O 6. O-O c5 7. e3 Nc6 8. Qe2 (
8. Bb2 d4 9. exd4 cxd4 10. Re1 Re8 (10... Ne8 11. d3 f6 12. Na3 e5 13. Nc2 Nc7
14. Qd2 a5 15. a3 Na6 16. b4 $1 $14 {Lautier-Kotronias Sochi 1989 48/5}) 11. d3
Bc5 12. a3 a5 13. Nbd2 e5 14. Ng5 Bg4 15. Bf3 {Ftacnik,L-Van Riemsdijk,H
Manila izt 1990}) 8... e5 9. cxd5 Nxd5 10. d3 Bg4 11. h3 Be6 12. Bb2 f6 13. Rd1
Qd7 14. Kh2 Rad8 15. Nbd2 Rfe8 16. Ne4 Bf8 17. Rac1 b6 18. Ba1 a5 19. a3 h6 20.
Qc2 Rc8 21. Qb1 Red8 22. Bf1 Qa7 23. Be2 a4 24. bxa4 Qxa4 25. d4 exd4 26. Bb5
Qa8 27. exd4 Nxd4 (27... cxd4 28. Rxc6 $1 Rxc6 29. Nxd4) 28. Bxd4 cxd4 29. Nxd4
Rxc1 30. Rxc1 Bf7 31. Nf5 Qxa3 32. Bc4 Qf3 33. Nd4 Qh5 34. Qb5 Re8 35. Re1 Kh8
36. Qb3 Bc5 37. Nf3 Nf4 38. Nh4 Bxc4 39. Qxc4 Bxf2 40. Nxf2 Rxe1 41. Qxf4 Qc5
42. Qd2 Qe3 43. Qa2 Qe8 44. Qa7 1/2-1/2

[Event "USA-ch"]
[Site "Modesto"]
[Date "1995.??.??"]
[Round "6"]
[White "Gulko, Boris F"]
[Black "Browne, Walter Shawn"]
[Result "1/2-1/2"]
[WhiteElo "2620"]
[BlackElo "2560"]
[Annotator "Ribli,Z"]
[PlyCount "82"]
[EventDate "1995.11.??"]
[EventType "tourn"]
[EventRounds "13"]
[EventCountry "USA"]
[EventCategory "12"]
[SourceTitle "CBM 051"]
[Source "ChessBase"]
[SourceDate "1996.04.01"]
[SourceVersion "1"]
[SourceVersionDate "1996.04.01"]
[SourceQuality "1"]

1. Nf3 {King} c5 2. c4 Nf6 3. g3 b6 4. Bg2 Bb7 5. O-O e6 6. b3 Be7 7. Bb2 O-O
8. e3 d5 9. Qe2 Nc6 (9... Nbd7 $5) 10. Rd1 (10. d3 dxc4 11. bxc4 Qc7 12. Nc3
Rfd8 $5 13. Ne1 a6 14. f4 Nb4 $6 (14... Na7 $5 15. a4 Bxg2 16. Qxg2 Qc6 17. Rb1
Rab8 $10 {Tiviakov}) 15. a3 Bxg2 16. Qxg2 Nc6 17. g4 Ne8 18. g5 $36 {Lobron,
E-Tiviakov,S/Moscow olm/1994/CBM45/INF62,09/}) 10... dxc4 11. bxc4 Qc7 12. Nc3
Rac8 (12... a6 $5 13. Rab1 (13. Rac1 Na5 $5 14. Ba1 Rfd8 $13 {Landenbergue,
C-Cvetkovic, S/Mitropa-Cup/1990/CBM20/}) 13... Rab8 14. Ba1 Rfd8 15. d3 Ba8 (
15... Ne8 $5) (15... Na7 $6 16. d4 $1 cxd4 17. exd4 b5 18. d5 $1 $36 {
Kortschnoj,V-Georgiev,Ki/Lugano op/1986/CBM01/INF41,12/}) 16. Ne1 Ne8 17. f4
Nd6 18. a4 Nb4 $13 {Zaichik,G-Tiviakov,S/Moscow olm/CBM45/INF62,(09)/}) 13.
Rac1 a6 $5 $146 {Das ist eine wichtige Neuerung.} (13... Rfd8 $6 14. d4 Na5 15.
Nb5 Bxf3 16. Bxf3 Qb8 17. d5 $14 {Damljanovic,B-Yermolinsky,A/Moscow olm/CBM45/
INF62,10/}) 14. d4 {Ein zweischneidiger Versuch, die Stellung zu verschaerfen.}
(14. d3 Rfd8 $10) 14... cxd4 15. exd4 Na5 {Jetzt merken wir warum spielte
Schwarz 13...a6, jetzt kann Weiss Nb5 nicht spielen.} 16. d5 (16. Ne5 $2 Bxg2
17. Kxg2 Nxc4 18. Nxc4 Qxc4 19. Qf3 Nd5 $17) 16... Qxc4 17. Rd3 $6 (17. Qe1 Qb4
$15 (17... Bb4 18. a3 $44)) (17. d6 $2 Qxe2 18. Nxe2 Rxc1 19. Nxc1 Rd8 $19)
17... exd5 $1 18. Nxd5 {Was sonst} Qxc1+ 19. Bxc1 Rxc1+ 20. Ne1 (20. Bf1 Nxd5
21. Rxd5 Bxd5 22. Qxe7 Bxf3 $19) 20... Bxd5 21. Bxd5 Bb4 $1 22. Rd1 Rxd1 23.
Qxd1 Bxe1 (23... Nxd5 $2 24. Nc2 $1 Nc3 25. Qf3 $1 Nxa2 26. Qb3 $10) 24. Bxf7+
Kxf7 25. Qxe1 {Schwarz hat einen Turm und zwei Springer gegen der weissen Dame,
die Stellung muss fuer den Anziehenden gewonnen sein. Hochwahrscheinlich
findet sich Browne schon -wie immer- in grosser Zeitnot. King:. A revealing
example. One would imagine that a rook and two knights would be too much for a
queen, but on an open board, and with the king slightly exposed, it is
surprisingly difficult to retain coordination. Once again we find that rooks
and knights do not work particularly well together.} Rc8 (25... Nc4 26. Qe2 b5
27. Qf3 $17) 26. Qe2 Nc4 27. g4 {King: If Black is allowed to settle and
coordinate properly, then his material advantage could tell. Gulko acts
quickly to disrupt the harmony.} Rc5 28. h4 h6 29. f4 {King: White can get
away with exposing his king because Black lacks long range attacking pieces
such as bishops, or two rooks.} h5 30. gxh5 (30. g5 Ng4 31. f5 Nce3 $19) 30...
Nxh5 $6 (30... b5 $5 31. Qg2 Rxh5 32. Qb7+ Kg6 33. Qxa6 Ne3 $19) 31. f5 $1 Nf6
32. Qe6+ Kf8 33. Kg2 {King: In practical play, this is far harder for Black to
play than White - though it is definitely Black who is playing to win. Holding
all the elements together in the Black position is difficult, particularly
when the king is exposed. No doubt the player of the Black pieces was under
time pressure to boot.} Ne8 $2 (33... b5 34. Qxa6 Rxf5 $1 35. Qc8+ Kf7 36. Qxf5
Ne3+ $19) 34. h5 Ncd6 35. h6 gxh6 36. Qxh6+ Ke7 37. Qe6+ Kd8 38. f6 $1 Rc7 (
38... Rf5 39. Qe7+ Kc8 40. Qe6+ Kd8 $10 (40... Kc7 41. Qxf5 $1 Nxf5 42. f7 $18)
) 39. Qd5 a5 40. Qd4 Kc8 41. Qxb6 Kd7 {Die Zeitnot und die schwarze
Gewinnstellung sind vorbei.} 1/2-1/2

[Event "RUS-ch51"]
[Site "St Petersburg"]
[Date "1998.08.03"]
[Round "7"]
[White "Shcherbakov, Ruslan"]
[Black "Sokolov, Andrei"]
[Result "1/2-1/2"]
[WhiteElo "2555"]
[BlackElo "2565"]
[Annotator "Ribli,Z"]
[PlyCount "105"]
[EventDate "1998.07.28"]
[EventType "swiss"]
[EventRounds "11"]
[EventCountry "RUS"]
[SourceTitle "CBM 067"]
[Source "ChessBase"]
[SourceDate "1998.11.30"]
[SourceVersion "2"]
[SourceVersionDate "1998.11.01"]
[SourceQuality "1"]

{[%mdl 2048]} 1. Nf3 Nf6 2. c4 e6 3. g3 d5 4. b3 {Weiß entwickelt auch den
Damenläufer auf die lange Diagonale. Die Alternativen wären: 4.Bg2 oder 4.d4.
Ribli.} c5 5. Bg2 Nc6 6. O-O Be7 7. e3 {Ein nützlicher prophylaktischer Zug.} (
7. Bb2 d4 8. e3 e5 {[%csl Rb2]}) 7... O-O 8. Bb2 d4 {Dieser Raumgewinnungszug
ist zweischneidig, denn Schwarz muß später ...e6-e5 ziehen, während Weiß
aktives Spiel am Damenflügel erlangen kann.} (8... b6) 9. exd4 cxd4 10. Re1 {
Das ist eigentlich eine typische Benoni-Stellung, aber mit umgekehrten Farben.
Schwarz hat Raumvorteil im Zentrum, aber das weiße Spiel mit a3-b4 am
Damenflügel scheint gefahrlich.} (10. d3 Ne8 (10... e5 11. Re1 Bg4 12. h3 Bxf3
13. Bxf3) 11. Na3 e5 12. Nc2 a5 13. a3 f6 14. Rb1 Rb8 15. Nd2 (15. Qd2) 15...
Nc7 $15 16. f4 $2 Bf5 $17 {Pozdnjakov-Cernikov/USSR 1971}) 10... Ne8 11. d3 f6
{Schwarz möchte eine starke Bauernkette f6/e5/d4 errichten.} (11... Nc7 12. Ne5
(12. a3 a5 13. Ne5 $14) 12... Nxe5 13. Rxe5 Rb8 14. Nd2 f6 15. Re1 e5 16. Qe2
$14 {Landenbergue-Masserey/Horgen-SKA-B/1994}) 12. Na3 {Auch ein typisches
Benoni-Motiv, der Springer strebt nach c2, wo er den Punkt d4 kontrolliert und
den Vorstoß b4 unterstützt.} (12. Ba3) 12... e5 13. Nc2 (13. Qe2 $6 Bg4 $1 14.
h3 Be6 15. Nb5 Bc5 16. Ba3 Bxa3 17. Nxa3 Qd7 18. Kh2 Nc7 19. Nc2 a5 20. Nd2 Bf5
21. Ne4 (21. a3) 21... Ne6 22. a3 Bg6 23. b4 f5 24. Nd2 e4 $17 {
Damljanovic-Ivanchuk/Reggio Emilia 1989}) 13... Nc7 14. Qd2 (14. a3 a5 15. Rb1
Be6 (15... Rb8) 16. Nfxd4 Nxd4 (16... exd4 17. Rxe6 Nxe6 18. Bd5 Kh8 19. Bxe6
$44) 17. Bxd4 exd4 18. Rxe6 Nxe6 19. Bd5 Kh8 20. Bxe6 $44 {Mestel-Flear/UK-ch
1990}) 14... a5 15. a3 {[#]} Bd7 (15... Na6 16. b4 $5 axb4 17. axb4 Ncxb4 18.
Nfxd4 exd4 (18... Rb8 19. Ba3 Nxc2 20. Bxe7 Qxe7 21. Nxc2 Nc5 22. Qc3 Qc7 23.
d4 exd4 24. Nxd4 Bd7 25. Re7 Rbe8 26. Nf5 {1-0 Schwartzman,G-Marin,M/Odorheiu
Secuiesc 1993 (57}) (18... Nxc2 19. Nxc2 Rb8 20. Ne3 b5 21. Nd5 Nc5 22. Nxe7+
Qxe7 23. Ba3 Qc7 24. Qb4 {1-0 Shumiakina,T-Baciu Ionescu,O/Buchurest 1994 (31)}
) 19. Ba3 Nxc2 (19... Nc6 20. Bxc6 Bxa3 21. Bd5+) 20. Bxe7 Nxe1 (20... Qxe7 21.
Rxe7 Nxa1 22. Qa5 Nb3 23. Qd5+ Kh8 24. Qf7 Rg8 25. Re8 $18 {Lautier,
J-Kotronias/Sochi 1989}) 21. Bxd8 Nxg2 22. Bb6 Bh3 23. Qe2 g6 24. Qf3 Nc5 25.
Rb1 Ne6 26. Qxb7 Rfb8 27. Qd5 Ra3 28. c5 Rba8 29. c6 Ra1 30. Qb3 R8a3 31. c7
Rxb3 32. c8=Q+ Nf8 33. Qc4+ Be6 34. Qxb3 Bxb3 35. Rxa1 Bd5 36. Bxd4 f5 {
1/2-1/2 Szmetan,J-Hoffman,A/ Boca 1977 (45)}) 16. b4 {Es scheint, Weiß hätte
freie Hand am Damenflügel, denn er hat schon den Programmzug b4 durchgestzt,
aber in Wirklichkeit kann Schwarz mit folgendem ...b7-b5 blockieren und die
weißen Figuren, besonders der Springer auf c2 und der Läufer auf b2, stehen
unglücklich.} axb4 $146 {[#]} (16... a4 17. Qe2 Re8 18. Nd2 b5 19. Rac1 f5 20.
f4 exf4 21. Qf3 fxg3 22. cxb5 Nxb5 23. Qd5+ Kh8 24. Qxb5 Rc8 25. Qd5 Bg5 26.
Nc4 gxh2+ 27. Kh1 Bxc1 28. Bxc1 Rxe1+ 29. Nxe1 Qe7 30. Nf3 $14 {1/2-1/2 Tal,
M-Grigorian,K/Gori 1968 (67)}) 17. axb4 Rxa1 18. Bxa1 (18. Rxa1 b5) 18... b5
$13 {Das ist ein natürlicher Zug. Schwarz muß die weiße Aktion am Damenflügel
stören.} 19. Nh4 {Weiß öffnet die Diagonale für den Läufer und bereitet den
Zug f2-f4 vor.} (19. c5 Be6 {[%csl Yd5]} (19... Nd5 20. Nxe5)) 19... Kh8 20. f4
Qe8 21. c5 (21. fxe5 fxe5 22. Bxc6 Bxc6 (22... Bxh4 23. Bxd7 Qxd7 24. gxh4 Qg4+
25. Qg2) 23. Rxe5 Qd7 (23... bxc4 24. dxc4 (24. Nxd4 Qa8 25. Ra5 Qb7) 24... Qf7
25. Nf5 (25. Rf5 Qxc4 26. Rxf8+ Bxf8)) 24. Nxd4 Bxh4 25. Nxc6 Bf6) 21... Ne6
22. Qe2 (22. Nf5 Nxf4 23. Nxg7 (23. Bxc6 Nh3+ 24. Kf1 Bxc6 25. Ncxd4) 23... Qg6
) (22. fxe5 fxe5 (22... Nxe5 23. Nxd4 Nxd4 24. Bxd4) 23. Nf3 (23. Bxc6 Bxc6 24.
Rxe5 Bxh4 25. Nxd4 (25. gxh4 Qg6+) 25... Bf6 26. Nxc6 Qxc6 27. Re1 Nd4 (27...
Ng5))) 22... Bd8 23. Be4 (23. Bxc6 Bxc6 24. fxe5 fxe5 (24... Ng5 25. e6 Nh3+
26. Kf1) 25. Qxe5 Ng5 26. Qf5 (26. Qxe8 Nh3#)) (23. fxe5 fxe5 24. Bxc6 Bxc6 25.
Qxe5 Ng5 {[%csl Gc6,Gf8,Rg1,Gg5][%cal Rg5h3]}) 23... Ne7 24. Nf3 Bc7 25. fxe5
f5 (25... fxe5 26. Bb2) 26. Bb7 Qb8 27. c6 (27. Ba6 Qa7 28. Bxb5 Bxb5 29. Ncxd4
Nxd4 30. Nxd4 Qa6 31. Nxb5 Qxb5 $15 {Weiß hat drei Bauern für die Figur, aber
Schwarz übt starke Kontrolle über die weißen Felder aus.}) 27... Bxc6 (27...
Nxc6 28. Bxc6 Bxc6 29. Nfxd4 Bb6 30. Kf1 f4 {[%csl Rf1][%cal Rf8f1]}) 28. Bxc6
Nxc6 29. Qg2 (29. Nfxd4 Bb6 $19 {[%cal Rb6g1]}) 29... Qd8 (29... Nxe5 30. Nxe5
Bxe5 31. Qd5 Ng5 (31... Bxg3 32. Rxe6 $16)) 30. Kh1 Qd7 $11 (30... Qd5 31.
Nfxd4 Qxg2+ 32. Kxg2 Nexd4 (32... Ncxd4 33. Nxd4 Nxd4 34. Bxd4 Rd8 35. e6 $16)
33. Nxd4 Nxb4 34. Nxb5 $16) 31. Bb2 Bb6 32. h4 h6 (32... Rc8) 33. h5 Ne7 34.
Nh4 Kg8 (34... Kh7) 35. Ra1 Rc8 (35... Bc7 36. Nf3 Nc6 $11) 36. Ra8 Kf7 (36...
Rxa8 37. Qxa8+ Kf7 $11) 37. Rxc8 Qxc8 38. Kh2 {Weiß nimmt prophylaktisch
Schachgebote auf der langen Diagonalen aus der Stellung.} Qc7 39. Qe2 Ke8 {
[%cal Ge8d7]} 40. Nf3 {[%csl Rd4]} Qd7 41. Qf2 Nc6 42. Nh4 (42. Qe2 Qd5 {
[%csl Gd5]}) 42... Nxe5 43. Qxf5 Qd5 {[%csl Gd5]} 44. Ne1 Bd8 $5 45. Ng6 Bf6
46. Bc1 (46. Nxe5 Bxe5 (46... Qxe5 47. Qxe5 Bxe5 48. Nf3 Bf6 49. Kh3 (49. g4
Nf4 50. Bxd4 Bxd4 51. Nxd4 Nxd3 52. Nxb5 Nxb4 $11)) 47. Kh3 (47. Nf3 Bxg3+))
46... Kd7 {[%cal Gd7c6]} 47. g4 {Der weiße Raumvorteil am Königsflügel ist nur
von symbolischer Natur. Es droht nichts Konkretes.} Kc6 {[%csl Gc6]} 48. Nf4
Nxf4 49. Bxf4 Nd7 50. Qg6 (50. Qxd5+ Kxd5 51. Kg2) 50... Ne5 51. Qf5 Nd7 52.
Qg6 Ne5 53. Qf5 1/2-1/2

[Event "Terrassa"]
[Site "Terrassa"]
[Date "1990.??.??"]
[Round "6"]
[White "Spraggett, Kevin"]
[Black "Magem Badals, Jordi"]
[Result "0-1"]
[WhiteElo "2555"]
[BlackElo "2460"]
[Annotator "Ribli,Z"]
[PlyCount "132"]
[EventDate "1990.04.??"]
[EventType "tourn"]
[EventRounds "11"]
[EventCountry "ESP"]
[EventCategory "11"]
[SourceTitle "CBM 019"]
[Source "ChessBase"]
[SourceDate "1990.12.01"]
[SourceVersion "1"]
[SourceVersionDate "1990.12.01"]
[SourceQuality "1"]

1. g3 d5 2. Nf3 Nf6 3. Bg2 e6 4. O-O Be7 5. c4 O-O 6. b3 c5 7. Bb2 b6 8. cxd5
Nxd5 9. d4 Bb7 10. dxc5 {-> E 17} Bxc5 (10... Bf6 $2 11. Bxf6 Qxf6 12. Nbd2 $14
{Euwe-Van der Bosch Nederland 1932}) 11. Nbd2 Na6 $5 12. a3 Be7 13. b4 Rc8 14.
Qb3 Nf6 15. Nd4 Bxg2 16. Kxg2 Qd7 17. Rac1 Nb8 18. N2f3 Rxc1 19. Rxc1 Rc8 20.
Rd1 Qd5 21. Qa4 a6 22. Rd2 Ne4 23. Rc2 Qb7 24. b5 Rxc2 25. bxa6 Nxa6 26. Qe8+
Bf8 27. Nxc2 Nd6 28. Qa4 Nc5 29. Qf4 Qe4 30. Ne3 Qxf4 31. gxf4 Na4 32. Bd4 b5
33. Ne5 Ne4 34. Nc2 Nec3 35. Bxc3 Nxc3 36. Kf3 Nb1 37. Nc6 Nxa3 38. Nxa3 Bxa3
39. Nd4 b4 40. Nc2 Kf8 41. e3 Ke7 42. Ke4 Kd6 43. Kd4 g6 44. f3 h5 45. h3 f6
46. e4 Bb2+ 47. Kc4 Bc1 48. Nxb4 Bxf4 49. Kd3 Bh2 50. Ke2 Ke5 51. Nd3+ Kd4 52.
Nb4 Bc7 53. Nd3 Bd6 54. Ne1 Bc7 55. Nd3 Bb8 56. Nb4 Bc7 57. Nd3 Bg3 58. Kd2 Bb8
59. Ke2 Bh2 60. Kd2 Bd6 61. Ke2 g5 62. h4 gxh4 63. Nf2 Bf4 64. Kf1 Be3 65. Nh3
Kd3 66. Kg2 e5 {Ribli} 0-1

[Event "Olympiad-43"]
[Site "Batumi"]
[Date "2018.10.01"]
[Round "7.40"]
[White "Sadorra, Julio Catalino"]
[Black "Mehmeti, Dritan"]
[Result "1-0"]
[WhiteElo "2553"]
[BlackElo "2391"]
[Annotator "Sadorra, Julio"]
[PlyCount "121"]
[EventDate "2018.09.24"]
[EventType "team-swiss"]
[EventRounds "11"]
[EventCountry "GEO"]
[SourceTitle "CBM 187"]
[Source "ChessBase"]
[SourceDate "2018.12.11"]
[SourceVersion "1"]
[SourceVersionDate "2018.12.11"]
[SourceQuality "1"]
[WhiteTeam "Philippines"]
[BlackTeam "Albania"]
[WhiteTeamCountry "PHI"]
[BlackTeamCountry "ALB"]

1. Nf3 Nf6 2. c4 e6 3. g3 b6 4. Bg2 Bb7 5. O-O Be7 6. b3 O-O 7. Bb2 c5 8. e3 d5
{By transposition, we have reached the Reti opening against the Queen's Indian
set-up.} 9. Nc3 dxc4 10. bxc4 Nc6 11. Qe2 Rc8 12. Rad1 Qc7 ({Keeping the queen
on the d-file is usually bad in these positions as the game transforms into a
hanging pawn structure where White's pieces are better placed.} 12... Qd7 13.
d4 $1 cxd4 14. exd4 Na5 15. Ne5 $36 {White has a strong initiative. Here's a
few sample lines:} Qc7 16. d5 Nxc4 $2 (16... exd5 17. Nb5 Qb8 18. cxd5 $16) 17.
Nb5 Qc5 18. Qxc4 Qxc4 19. Nxc4 Rxc4 20. d6 $18) 13. d3 Rfd8 14. Ne1 Rd7 15. g4
$5 {I think this is faster than the f4-f5 plan.} a6 16. g5 Ne8 17. f4 Nd6 (
17... f5 18. gxf6 Nxf6 (18... Bxf6 19. Qg4 $16 {[%csl Re6]}) 19. Bh3 $16 {
[%csl Re6]}) 18. Rf3 {A logical build-up of my kingside attack. I think I was
already better here because my center is still intact and his counterplay is
going slow on the queenside.} g6 19. Rh3 Qd8 {Playing a useful waiting move.} (
{If} 19... Bf8 {I was intending to pursue a positional transformation with} 20.
Ne4 Nxe4 21. Bxe4 Bg7 22. Bxg7 Kxg7 23. Qb2+ Kg8 24. Nf3 $16 {with a strong
bind on the position.}) 20. Ba1 $1 {A useful move threatening a battery on the
a1-h8 diagonal which forces his bishop to g7.} Bf8 21. Ne4 Nxe4 22. Bxe4 Bg7
23. Bxg7 Kxg7 24. Qb2+ Kg8 25. Nf3 {I knew I increased my advantage as I
achieved the positional bind on the dark-squares and center. I think it's now
a matter of how to continue the attack while preventing enemy counterplay.} Qc7
{A critical moment as I saw many ways to continue pressure on my opponent's
position.} 26. Rd2 {I like this move as it protects the rook ala Karpov and I
have the idea of shifting it to the kingside. Unfortunately, it is too fancy
and denies the whole army of a strong attacking opportunity.} (26. Kf2 Rcd8) (
26. a3 Rcd8) ({Of course I also considered the direct attacking move of queen
shift to the kingside with} 26. Qf2 {But somehow I was put off by his
counterplay on d3, but concrete analysis shows that it doesn't work!} Nb4 27.
Bxb7 Qxb7 28. Ne5 $18 {[%cal Re5g4,Rg4f6,Re5d7,Rf2h4] I can only come up with
2 reasons for this: 1) My mind was very comfortable and convinced that the
queen has to stay in the weak dark-square diagonal 2) My mind simply couldn't
believe that the position has an easy solution and this is one of the main
lessons in this game: sometimes complicated-looking position can have a simple
and straightforward solution!}) 26... Rcd8 (26... Nb4 27. Bxb7 Qxb7 28. Ne5 $18
) 27. a3 $1 {A patient and necessary prophylactic move} (27. Rg2 Rxd3 $1 (27...
Nb4 28. Rxh7 $1 (28. Rgg3 Nxd3 29. Bxd3 Bxf3 30. Rxh7 e5 $19) 28... Kxh7 29.
Rg3 e5 30. Nxe5 $18 {[%cal Rg3h3,Re5g4]}) 28. Bxd3 Rxd3 $132) 27... Rd6 {
Another critical moment which I spend much time on.} 28. Rg2 $6 {This
inaccurate move was a result of some misevalutation and underestimation of
Black's counterplay.} ({Another prophylactic move was called for in the
position:} 28. Qc3 $1 Qd7 (28... Qe7 $6 {[%cal Ge7f8,Gf8g7]} 29. Bxc6 $1 Bxc6
30. Ne5 Be4 31. Ng4 $16) 29. Rh6 (29. Rg2 e5 $1) 29... b5 30. h4 $40) 28...
Rxd3 $1 {I assessed this possibility earlier to be better for White as he
won't have enough compensation, unfortunately it's not the case here.} 29. Bxd3
Rxd3 {After sinking into a deep think, I realized that my position is actually
more difficult to play due my uncoordinated pieces and weakened squares.
Therefore, in the end I went for a line where I could give him some practical
problems.} 30. Rgg3 {Continuing on with my kingside threats.} (30. Kf2 Nd4 $132
(30... e5 $1)) 30... e5 $1 $36 31. Rh4 Rxe3 {My opponent started to get in
time trouble here, thus the following errors.} 32. Nxe5 Rxg3+ $6 {The worst is
over for me after this exchange.} ({The best way to continue counter-pressure
on my position is} 32... Re1+ $1 33. Kf2 Re4 34. Ng4 Rxf4+ 35. Kg1 (35. Ke1 Nd4
36. Nf6+ Rxf6 37. gxf6 Qe5+ $40) 35... Nd4 $36 {But all this is almost
impossible to see under time trouble.}) 33. hxg3 Nxe5 34. Qxe5 Qc6 35. Qe2 ({
An even better way according to the best analyst in the world a.k.a the engine
is} 35. Qd5 $1 Qxd5 (35... Qc7 36. Qd3 Qc6 37. Rh2 $18) 36. cxd5 Bxd5 37. Rh2
$18) 35... Qd7 36. f5 $5 ({I also considered bringing back the rook to the
game the other way:} 36. Rh2 Qd4+ 37. Rf2 Qa1+ 38. Rf1 Qxa3 {[#] But I didn't
like he just picks up a pawn for nothing and with a tempo here. However, if we
extend concrete analysis there is a forced win for White!} 39. Qe8+ Kg7 40.
Qe5+ Kg8 41. f5 $1 $18 {[%cal Ge5g3,Re5e8,Rf5g6,Rf1f7]}) 36... Qxf5 (36... gxf5
$1 {Was the right choice after which I planned to play} 37. Qh5 {And here the
only way to save the game is with the prophylactic} Kf8 $3 $11) 37. Qe8+ Kg7
38. Rf4 Qe6 39. Qxe6 fxe6 40. Rf2 ({After the game, I was pondering how I
could have finished the game faster and it's by making his bishop more passive
first.} 40. Rf6 $1 Bc8 {and only then} (40... Be4 41. Rxe6) 41. Rf2 b5 42. Rd2
{and Black doesn't get to activate his bishop without losing too many pawns.})
40... b5 41. Rd2 Be4 $1 42. Rd7+ Kf8 43. Rc7 b4 44. Rxc5 b3 45. Rc8+ Ke7 46.
Rb8 Bc2 47. Rb6 {Somewhere around here I got a little worried, but I felt that
there must be a zugzwang ideas at some point later.} a5 (47... Kd7 48. Kf2 Kc7
49. c5 a5 50. a4 e5 51. Ke3 e4 52. Kd4 {Zugzwang.} Kd7 53. Kc3 e3 54. c6+ Kc7
55. Rb7+ Kxc6 56. Re7 $18) 48. a4 Kd7 49. Kf2 e5 50. Ke3 Kc7 51. Rb5 Kd6 52.
Kd2 e4 53. Ke3 Kc6 54. Kd4 Kd6 55. Rd5+ $1 {The start of a zugzwang maneover
or a way to give back the move to Black.} (55. Kc3 e3) 55... Ke6 56. Re5+ Kd6
57. Rb5 Ke6 (57... Kc6 58. Kc3 Kd6 (58... e3 59. Re5) 59. Rxa5 e3 60. Rb5 e2
61. Kd2 $18) 58. c5 $1 {With his pawns under control, my army starts attacking
the king including my passed pawn.} Kd7 59. Kd5 e3 60. c6+ Ke8 (60... Kc8 61.
Kd6 e2 62. c7 $18) 61. Kd6 {After seeing that there's no way to stop my passed
pawn or losing both of his pawns, Black resigned.} 1-0